000 01495cam a2200433 4500
001 21494
003 VRT
005 20260302143745.0
008 210209s2020 xo gr 000 f slo
015 _aSNBA2020/10
020 _a9788056904015
_q(viazané)
035 _aurn:nbn:sk:snk-am00eee8
035 _aurn:nbn:sk:snk-am3ihny
035 _aB89CB377-2B13-45DD-A191-242B704B330C
039 9 _a202310241422
_bAUTHORITY
_c202207130749
_dmsvkbb04
_c202102090841
_dVLOAD
_c202102081107
_dVLOAD
040 _aPPPK
_bslo
_cPPPK
_dSNK
_erda
041 0 _aslo
044 _axo
_cSK
072 7 _a821.162.4-3
_xSlovenská próza
_2konspekt
080 _a821.162.4-31
_22011
100 1 _aHavranová, Ivana,
_d1952-
_4aut
245 1 0 _aMatky
_cIvana Havranová
250 _aPrvé vydanie
264 1 _aBratislava
_bMarenčin PT
_c2020
300 _a158 strán
_c21 cm
336 _atext
_btxt
_2rdacontent
337 _abez média
_bn
_2rdamedia
338 _azväzok
_bnc
_2rdacarrier
655 7 _aSlovak fiction
_2SNKPHeng
655 7 _aslovenské romány
_2SNKPH
910 _asnk
942 _2ddc
_cKLDO
_n0
949 _62889374238
_asavukM 122721
_bsavuk2021/2352
949 _6270001000650899
_asvkbbA 164741
_bsvkbbm 800635
949 _6273K0676796
_asvkpoA 251616
_bsvkpo666764
949 _617A1444883
_asnkSC 190544
_bsnk2020/18575
_o1587/2020
_s6100:20201022
949 _617A1444884
_asnkSC 190544 D1
_bsnk2020/18576
_o1587/2020
999 _c21494
_d21494